| Tag |
First Indicator |
Second Indicator |
Subfields |
| LEADER |
00000cam a22000004a 4500 |
| 001 |
in00002467509 |
| 005 |
20151110040834.0 |
| 008 |
080303s2008 caua b 000 0 eng |
| 010 |
|
|
|a 2008009899
|
| 020 |
|
|
|a 9780764946356 (hardcover)
|
| 020 |
|
|
|a 0764946358 (hardcover)
|
| 035 |
|
|
|a (OCoLC)ocn212909031
|
| 035 |
|
|
|a (OCoLC)212909031
|
| 040 |
|
|
|a DLC
|c DLC
|d YDX
|d BTCTA
|d BAKER
|d YDXCP
|d CDX
|d VP@
|d UtOrBLW
|
| 043 |
|
|
|a a-ja---
|
| 049 |
|
|
|a TXAM
|
| 050 |
0 |
0 |
|a NE1322
|b .H55 2008
|
| 082 |
0 |
0 |
|a 769.952/09034
|2 22
|
| 100 |
1 |
|
|a Till, Barry,
|d 1951-
|
| 245 |
1 |
0 |
|a Japan awakens :
|b woodblock prints of the Meiji Period (1868-1912) /
|c Barry Till.
|
| 264 |
|
1 |
|a San Francisco, CA :
|b Pomegranate Communications,
|c [2008]
|
| 264 |
|
4 |
|c ©2008
|
| 300 |
|
|
|a 127 pages :
|b chiefly color illustrations ;
|c 21 x 24 cm.
|
| 336 |
|
|
|a text
|b txt
|2 rdacontent
|
| 337 |
|
|
|a unmediated
|b n
|2 rdamedia
|
| 338 |
|
|
|a volume
|b nc
|2 rdacarrier
|
| 504 |
|
|
|a Includes bibliographical references (page 127).
|
| 650 |
|
0 |
|a Color prints, Japanese
|y Meiji period, 1868-1912
|v Catalogs.
|
| 650 |
|
0 |
|a Ukiyoe
|v Catalogs.
|
| 650 |
|
0 |
|a Art and society
|z Japan
|x History
|y 19th century
|v Catalogs.
|
| 650 |
|
0 |
|a Art and society
|z Japan
|x History
|y 20th century
|v Catalogs.
|
| 650 |
|
0 |
|a Color prints
|z British Columbia
|z Victoria
|v Catalogs.
|
| 610 |
2 |
0 |
|a Art Gallery of Greater Victoria
|v Catalogs.
|
| 938 |
|
|
|a Baker and Taylor
|b BTCP
|n BK0007697241
|
| 938 |
|
|
|a Baker & Taylor
|b BKTY
|c 29.95
|d 26.96
|i 0764946358
|n 0007697241
|s active
|
| 938 |
|
|
|a YBP Library Services
|b YANK
|n 2827667
|
| 938 |
|
|
|a Coutts Information Services
|b COUT
|n 7680663
|c 29.95 USD
|
| 945 |
|
|
|a PromptCat
|b 581565
|
| 946 |
|
|
|a stk
|
| 947 |
|
|
|a A14837411637
|
| 994 |
|
|
|a 92
|b TXA
|
| 948 |
|
|
|a cataloged
|b h
|d 2009/1/6
|h c
|e asalazar
|f 2:57:58 pm
|
| 999 |
|
|
|a MARS
|
| 999 |
f |
f |
|s cd6f9a16-27ea-3857-a6d1-d7df72825829
|i 4625df34-dfe9-3529-a064-000a1310ea1f
|t 0
|
| 952 |
f |
f |
|p normal
|a Texas A&M University
|b College Station
|c Sterling C. Evans Library
|d Evans: Library Stacks
|t 0
|e NE1322 .H55 2008
|h Library of Congress classification
|i unmediated -- volume
|m A14837411637
|
| 998 |
f |
f |
|a NE1322 .H55 2008
|t 0
|l Evans: Library Stacks
|